Rudolf Fila

Bibliographic Details
Main Author: Mojžiš, Juraj, 1938- (Author)
Format: Book
Language:Slovak
PhysicalDescription:183 s. fotogr. (prevažne fareb.) 31 cm
Published: Bratislava Slovart c1997
ISBN:8071452513
Subjects:

MARC

LEADER 00000nam a2200000 a 4500
001 vtls001303671
003 SK-MaSNL
005 20260301113757.0
008 240313s1997 xo aad r yd 0 slo
015 |a SNBA1998/02-00481 
020 |a 8071452513 
035 |a SNK000255840 
035 |a urn:nbn:sk:snk-amyhvm 
035 |a urn:nbn:sk:snk-am00cknn 
035 |a D6FF49A5-EB25-4D8D-82F7-7EDD309E0AC3 
040 |a SNK  |b slo  |c SNK  |e AACR2 
041 0 |a slo 
044 |a xo  |c SK 
080 |a 75(437.6):929(084.12)  |2 1981 
080 |a 929 Fila, Rudolf  |2 1981 
100 1 |a Mojžiš, Juraj,  |d 1938-  |4 aut  |9 103302 
245 1 |a Rudolf Fila  |c Juraj Mojžiš 
260 |a Bratislava  |b Slovart  |c c1997 
300 |a 183 s.  |b fotogr. (prevažne fareb.)  |c 31 cm 
500 |a Fotogr. na front. 
504 |a Men. reg. Res. angl. a nem. Bibliogr. s. 170-171 a 174-176 
600 1 7 |a Fila, Rudolf,  |d 1932-2015  |2 SNK  |9 98800 
650 0 7 |a maliari  |2 SNK  |9 3150 
655 7 |a obrazové publikácie  |2 SNK  |9 70343 
852 |a Akadémia umení v Banskej Bystrici 
919 |a 80-7145-251-3 
958 |a TL 
958 |a NB 
958 |a BX 
999 |c 715768  |d 717698 
952 |t P60, <03>, [BOOK], {603}  |a SNK  |b SNK  |y PREZ  |7 0  |p 17A0092469  |o snkSB 57614  |i snkKSP 9970/97  |0 0  |1 0  |4 0  |d 1997-09-29  |f 1  |l 0  |r 2025-04-09 00:00:00  |w 2026-02-23 
952 |t P60, <04>, [BOOK], {604}  |a SNK  |b SNK  |y VYP  |7 0  |p 17A0092468  |o snkSB 57614 D1  |i snkKSP 9971/97  |0 0  |1 0  |4 0  |d 1997-09-29  |l 0  |r 2005-01-02 00:00:00  |w 2026-02-23 
952 |t snkFIL 75:929  |a SNKUST  |b SNKUST  |y PREZ  |7 0  |p 17A0405192  |o snkSB 57614 D2   |i snkK 718/2004  |g 43.12  |0 0  |1 0  |4 0  |d 2004-07-01  |l 0  |r 2025-03-21 00:00:00  |w 2026-02-23 
952 |a SNKLM  |b SNKLM  |y NEVYP  |7 0  |o snklmKK 1064  |i snklm960/2001  |8 7  |0 0  |1 0  |4 0  |d 2006-08-15  |l 0  |r 2026-02-23 21:45:01  |w 2026-02-23